Life of the green plant. (Record no. 20909)

MARC details
000 -LEADER
fixed length control field 00319nam a2200133Ia 4500
082 ## - DEWEY DECIMAL CLASSIFICATION NUMBER
Classification number 581
Item number GAL
100 ## - MAIN ENTRY--AUTHOR NAME
Personal name GALSTON, Arthur W
245 #0 - TITLE STATEMENT
Title Life of the green plant.
250 ## - EDITION STATEMENT
Edition statement Ed.2
260 ## - PUBLICATION, DISTRIBUTION, ETC. (IMPRINT)
Place of publication Delhi
Name of publisher Prentice Hall
Year of publication 1968
650 ## - SUBJECT ADDED ENTRY--TOPICAL TERM
Topical Term Green plant
942 ## - ADDED ENTRY ELEMENTS (KOHA)
Koha item type Books
Holdings
Withdrawn status Lost status Damaged status Not for loan Home library Current library Date acquired Full call number Accession Number Koha item type
        RRII Library RRII Library 16/12/2021 581 GAL 01631 Books